| 000 | 01073cad a22002175a 4500 | ||
|---|---|---|---|
| 001 | E149811 | ||
| 008 | 100429s2010 xxk f 000 0 eng d | ||
| 035 | _a(Sirsi) u149811 | ||
| 041 | 0 | _aeng | |
| 110 | 2 |
_aGreat Britain _bHealth and Safety Executive |
|
| 245 | 0 | 0 |
_aProvision of welfare facilities during construction work _h[electronic resource] |
| 260 |
_aSudbury _bHSE _c2010 |
||
| 490 | 0 |
_aConstruction Information Sheet _v59 |
|
| 490 | 0 | _aHSE Information Sheet | |
| 520 | _aIntended for dutyholders involved in construction work, this information sheet offers guidance on the minimum welfare facilities that must be made available to workers on construction sites. Replaces previous guidance contained in "Provision of welfare facilities at transient construction sites" and "Provision of welfare facilities at fixed construction sites". | ||
| 590 | _aKA | ||
| 651 | 4 |
_aGreat Britain _y1707- |
|
| 690 |
_aHealth and safety _96244 |
||
| 856 | 4 | 0 |
_uhttps://www.hse.gov.uk/pubns/cis59.pdf _zView the guidance free of charge (pdf file) at www.hse.gov.uk |
| 942 | _n0 | ||
| 999 |
_c110637 _d110637 |
||